[Event "Rheinland Pfalz op 14th"]
[Site "Neuwied Heimbach Weis"]
[Date "2024.05.30"]
[Round "1"]
[White "Becker, Stefan1"]
[Black "Vladov, Arsenii"]
[Result "0-1"]
[WhiteElo "1704"]
[BlackElo "2063"]
[PlyCount "68"]
[EventDate "2024.05.30"]
[EventType "swiss"]
[EventRounds "7"]
[EventCountry "GER"]
[SourceTitle "CB25_2024"]
[SourceDate "2024.06.01"]
[SourceVersion "1"]
[SourceVersionDate "2024.06.01"]
[SourceQuality "2"]

1. d4 d6 2. c4 e5 3. d5 f5 4. Nc3 Be7 5. e4 Nf6 6. Bd3 f4 7. Nf3 0-0 8. g3 fxg3 9. hxg3 Bg4 10. Be2 Ne8 11. Be3 Bxf3 12. Bxf3 Bg5 13. Qe2 Na6 14. a3 Bxe3 15. Qxe3 Nc5 16. Bd1 Qf6 17. b4 Nd3+ 18. Ke2 Nxf2 19. Rf1 Nxd1 20. Raxd1 Qg6 21. Rxf8+ Kxf8 22. Rf1+ Kg8 23. Kd3 a5 24. Kc2 axb4 25. axb4 Nf6 26. Kb2 Qh5 27. Qf3 Qg5 28. Rf2 Qg6 29. Qd3 Rf8 30. Rf5 Qh6 31. Qe2 Qh1 32. Qf2 Ra8 33. Rf3 Qa1+ 34. Kc2 Nxe4 0-1

[Event "GER-ch Amateurs"]
[Site "Bad Wildungen"]
[Date "2024.??.??"]
[Round "2"]
[White "Schueller, Tobias"]
[Black "Vladov, Arsenii"]
[Result "0-1"]
[WhiteElo "2018"]
[BlackElo "2083"]
[PlyCount "106"]
[EventDate "2024.08.03"]
[EventType "swiss"]
[EventRounds "5"]
[EventCountry "GER"]
[SourceTitle "CB33_2024"]
[SourceDate "2024.08.14"]
[SourceVersion "1"]
[SourceVersionDate "2024.08.14"]
[SourceQuality "1"]

1. c4 d6 2. d4 e5 3. dxe5 dxe5 4. Qxd8+ Kxd8 5. Nc3 Be6 6. b3 c6 7. g3 Nd7 8. Nf3 f6 9. Bg2 Kc7 10. Bd2 Rd8 11. Ne4 Nc5 12. Ba5+ b6 13. Nxc5 Bxc5 14. Bc3 Be7 15. Nxe5 fxe5 16. Bxe5+ Kb7 17. Bxg7 Bf6 18. Bxh8 Bxh8 19. Rc1 Bb2 20. Rc2 Ba3 21. e4 Nf6 22. Ke2 Bc5 23. f3 Rf8 24. Rf1 h5 25. Rd2 Kc7 26. h3 Rg8 27. g4 Bd6 28. Rxd6 Kxd6 29. f4 hxg4 30. e5+ Kc5 31. exf6 gxh3 32. Be4 Rf8 33. f5 Bd7 34. Ke3 Rxf6 35. Kf4 h2 36. Rh1 Rh6 37. Kg5 Rh8 38. Kg6 Rh4 39. Bb1 Kd6 40. Kg5 Rh8 41. Bc2 Ke5 42. Re1+ Kd4 43. Rh1 c5 44. f6 Bc6 45. Rxh2 Rxh2 46. f7 Rf2 47. Bf5 Bd7 48. f8Q Rxf5+ 49. Qxf5 Bxf5 50. Kxf5 Kc3 51. Ke4 Kb2 52. Kd3 Kxa2 53. Kc3 Ka3 0-1

[Event "Kiev Spring op"]
[Site "Kiev"]
[Date "2021.07.15"]
[Round "7"]
[White "Tobak, Mikhail"]
[Black "Vladov, Arsenii"]
[Result "1-0"]
[WhiteElo "2067"]
[BlackElo "1740"]
[PlyCount "103"]
[EventDate "2021.07.10"]
[EventType "swiss"]
[EventRounds "9"]
[EventCountry "UKR"]
[SourceTitle "EXT 2024"]
[Source "ChessBase"]
[SourceDate "2023.10.10"]
[SourceVersion "1"]
[SourceVersionDate "2023.10.10"]
[SourceQuality "1"]

1. e4 c5 2. Nf3 e6 3. c3 Nf6 4. Bd3 d6 5. Bc2 Nc6 6. 0-0 Be7 7. d4 0-0 8. Re1 cxd4 9. cxd4 e5 10. d5 Nb4 11. Bb3 Bg4 12. Nc3 Nd7 13. a3 Na6 14. h3 Bh5 15. Bc4 Nc7 16. Be3 Bg6 17. g4 Nf6 18. Nd2 h5 19. Kg2 Qd7 20. Be2 hxg4 21. hxg4 Nh7 22. Rh1 Bg5 23. Nc4 b5 24. Qd2 bxc4 25. Bxg5 Nb5 26. f3 Rfc8 27. Be3 Rab8 28. Nxb5 Qxb5 29. Rab1 Qa4 30. Rhc1 Nf6 31. Bd1 Qd7 32. Kg1 Rc7 33. Be2 Rbc8 34. Rc3 Qa4 35. Rbc1 Nd7 36. Qc2 Qxc2 37. R1xc2 Nb6 38. Bxb6 axb6 39. Rxc4 Rxc4 40. Rxc4 Rxc4 41. Bxc4 f6 42. Bb5 Kf8 43. Bc6 Ke7 44. Kf2 Bh7 45. Ke3 Kd8 46. Kd3 Kc7 47. Kc4 Bg8 48. Kb5 Bf7 49. Ka6 Bg8 50. b4 Bf7 51. Ka7 g6 52. b5 1-0